| 000 | 00360nam a22001457a 4500 | ||
|---|---|---|---|
| 003 | OSt | ||
| 005 | 20170105103446.0 | ||
| 008 | 131203t xxu||||| |||| 00| 0 eng d | ||
| 020 | _a978-81-8448-449-6 | ||
| 040 | _cASAB | ||
| 100 |
_aRamnik Sood _9364 |
||
| 245 |
_aMedical Laboratory Technology _bmethods and interpretations |
||
| 250 | _a6th Ed. | ||
| 942 |
_2ddc _cBK |
||
| 999 |
_c16636 _d16636 |
||